ბათუმის შოთა რუსთაველის სახელმწიფო უნივერსიტეტის ბიბლიოთეკა

ცეცხლი ოკეანეში (ბიბ.ჩანაწერი № 42085)

000 -LEADER
fixed length control field 00752nam a2200205Ia 4500
001 - CONTROL NUMBER
control field 8775
003 - CONTROL NUMBER IDENTIFIER
control field GE_BSU
008 - FIXED-LENGTH DATA ELEMENTS--GENERAL INFORMATION
fixed length control field 181216s||||||||xx |||||||||||||| ||und||
040 ## - CATALOGING SOURCE
Transcribing agency GE_BSU
100 ## - MAIN ENTRY--PERSONAL NAME
Personal name იოსელიანი,იაროსლავ
245 ## - TITLE STATEMENT
Title ცეცხლი ოკეანეში
245 ## - TITLE STATEMENT
Statement of responsibility, etc. თარგმ.რუს.ო.იოსელიანმა და დ.თევზაძემ. რედ:დ.ჯაბუა;მხატვ:ჯ.ყაველაშვილი.
260 ## - PUBLICATION, DISTRIBUTION, ETC.
Place of publication, distribution, etc. თბილისი.
260 ## - PUBLICATION, DISTRIBUTION, ETC.
Name of publisher, distributor, etc. ნაკადული.
260 ## - PUBLICATION, DISTRIBUTION, ETC.
Date of publication, distribution, etc. 1961.
300 ## - PHYSICAL DESCRIPTION
Extent 427გვ; 20სმ
300 ## - PHYSICAL DESCRIPTION
Other physical details 1ფ. პორტრ.
653 ## - INDEX TERM--UNCONTROLLED
Uncontrolled term ცეცხლი ოკეანეში
942 ## - ADDED ENTRY ELEMENTS (KOHA)
Koha item type წიგნი
ეგზემპლარები
Withdrawn status Lost status Damaged status Not for loan Date acquired Barcode Date last seen Price effective from Koha item type
        2018-12-17 31119 2018-12-17 2018-12-17 წიგნი